000 00417nam a2200133Ia 4500
008 100328s9999 xx 000 0 und d
082 _b17698
100 _aपंडित प्रकाश
245 _aजोश मलीहाबादी
260 _bशिक्षा भारती
630 _aजोश मलीहाबादी
730 _aजोश मलीहाबादी
942 _cBOOK
999 _c512218
_d512215